Stage Name of Güldür Güldür Actors - Statistics

General Stats
  • This quiz has been taken 7 times
  • The average score is 14 of 20
Answer Stats
Picture Answer % Correct
Bilal Koçyiğit
100%
İsmail Canevimden
100%
Mesut Tekyaprak
100%
Şevket Mircan
100%
Yeter
100%
Bahadır
75%
Burcu Yerler
75%
Çiçek
75%
Fikri Tarhanacı
75%
Hüseyin
75%
İbrahim Çekiç
75%
Jale
75%
Ozan
75%
Feridun
50%
Hayati
50%
Mehtap
50%
Mustafa
50%
Naime
50%
Paşa
50%
Nazlı
25%
No matching quizzes found
Score Distribution
Percent of People with Each Score
Percentile by Number Answered
Your Score History
You have not taken this quiz